Overlapping Foursomes Quiz Stats

Quiz Updated Jan 19, 2016

Challenge
Share
Tweet
Score 0/24 Timer 05:00
11 Plays Today
% Correct
Pluto
96.1%
Copper
94.4%
Moscow
93.2%
Jefferson
93%
Washington
92.9%
Iron
92.7%
Arthur
92.3%
Dewey
91.8%
Lincoln
91.3%
Ford
90.7%
Adams
90.5%
Rome
89.6%
% Correct
Neon
87.8%
Cobalt
87.4%
Mercury
87.1%
Chevy
81.8%
Honda
81.4%
Dodge
81%
Saturn
80.4%
Venus
80.2%
Mars
80.1%
Earth
74.8%
Wellington
73.6%
Victoria
55.9%

You're not logged in!

Compare scores with friends on all Sporcle quizzes.
Join for Free
OR
Log In

You Might Also Like...

Show Comments

Extras

Top Quizzes Today


Score Distribution

Your Account Isn't Verified!

In order to create a playlist on Sporcle, you need to verify the email address you used during registration. Go to your Sporcle Settings to finish the process.

Report this User

Report this user for behavior that violates our Community Guidelines.

Details: